|
|
|
|
| LEADER |
00000nab a2200000uu 4500 |
| 001 |
vtls010878412 |
| 003 |
SK-MaSNL |
| 005 |
20260303163347.0 |
| 008 |
230303|2011 xo |||||||||||||||||eng| |
| 015 |
|
|
|a SNBRB
|
| 035 |
|
|
|a (urnnbn)urn:nbn:sk:snk:ar-005v2v
|
| 035 |
|
|
|a (uuid)937b0af3-04bf-4bb0-9230-3217d0a4d1af
|
| 035 |
|
|
|a urn:nbn:sk:snk-ab7mlu
|
| 040 |
|
|
|a SNKBUCL
|b slo
|c SNKBUCL
|e AACR2
|
| 041 |
0 |
|
|a eng
|
| 044 |
|
|
|a xo
|c SK
|
| 100 |
1 |
|
|a Uhríková, Alena
|4 aut
|9 823166
|
| 245 |
1 |
0 |
|a Stereoselective synthesis of the polar part of mycestericins E and G
|c Alena Uhríková, Jozef Gonda, Margaréta Kováčová, Miroslava Martinková
|
| 700 |
1 |
|
|a Gonda, Jozef,
|d 1957-
|4 aut
|9 39720
|
| 700 |
1 |
|
|a Kováčová, Margaréta
|4 aut
|9 823160
|
| 700 |
1 |
|
|a Martinková, Miroslava
|4 aut
|9 448374
|
| 773 |
0 |
|
|t Chemical papers
|g Roč. 65, č. 4 (2011), s. [527]-535
|
| 958 |
|
|
|a OND
|
| 958 |
|
|
|a EUIPO
|
| 958 |
|
|
|a article8
|
| 999 |
|
|
|c 2059721
|d 2061651
|